000 00417nam a2200133Ia 4500
008 220217s9999||||xx |||||||||||||| ||und||
020 _a81-7722-253-8
082 _a005.8 HAR
100 _aHarney, David Slade, Robert & Gattiker, U, R
_92836
245 0 _aViruses revealed : understand and counter malicious software
260 _aDreamtech press
_bNew Delhi
_c2000
300 _b399
650 _aSECURITY
_92753
999 _c170103
_d170103